000
00291nam a22001337a 4500
008
170614b xxu||||| |||| 00| 0 eng d
020
_a
9780465027255
041
_a
eng
080
_a
94
100
_a
17
101
_a
SHH
245
_a
THE GRAND CHESSBOARD
_c
BRZEZINSKI,Z
942
_2
udc
_c
BK
999
_c
17365
_d
17365